01293nam a2200301Ia 4500001001100000003000800011006001900019007001500038008004100053040002100094035002100115050002400136100003800160245008500198246002100283260009500304300001000399500005800409533015200467600007800619650002900697655002900726710005700755710002200812710001700834856012500851999001500976ebr5000608CaPaEBRm u cr cn|||||||||100923r20011843inu s 000 1 eng d aCaPaEBRcCaPaEBR a(OCoLC)68062930914aPS1872b.C45 2001eb1 aHawthorne, Nathaniel,d1804-1864.14aThe celestial railroadh[electronic resource] :b1843 /cby Nathaniel Hawthorne.3 aTwice-told tales a[South Bend, IN] :bInfomotions, Inc. ;a[Blacksburg, VA] :bVirginia Tech.,c2001, c1843. a13 p. a" ... from the collection entitled Twice-told tales." aElectronic reproduction.bPalo Alto, Calif. :cebrary,d2010.nAvailable via World Wide Web.nAccess may be limited to ebrary affiliated libraries.10aBunyan, John,d1628-1688.tPilgrim's progressvParodies, imitations, etc. 0aShort stories, American. 7aElectronic books.2local2 aVirginia Polytechnic Institute and State University.2 aInfomotions, Inc.2 aebrary, Inc.40uhttp://site.ebrary.com/lib/rucke/Doc?id=5000608zAn electronic book accessible through the World Wide Web; click to view c2902d2902